Fruits and Vegetables by picture. - Statistics

General Stats
  • This quiz has been taken 72 times
    40 since last reset
  • The average score is 16 of 31
Answer Stats
Picture Answer % Correct
Onion
88%
Apple
84%
Kiwi
84%
Peach
84%
Orange
80%
Dragonfruit
76%
Watermelon
76%
Corn
72%
Blueberry
68%
Pomegranate
68%
Raspberry
64%
Apricot
60%
Broccoli
60%
Butternut Squash
60%
Cauliflower
60%
Lime
60%
Celery
56%
Fig
56%
Lemon
52%
Banana
48%
Carrot
44%
Cranberry
44%
Grapefruit
32%
Cantaloupe
28%
Custard Apple
24%
String Bean
24%
Currant
12%
Calamansi
8%
Ghost Pepper
4%
Ube
4%
Horseradish
0%
No matching quizzes found
Score Distribution
Percent of People with Each Score
Percentile by Number Answered
Your Score History
You have not taken this quiz since the last reset